| LDR | | 00000nmm u2200205 4500 |
| 001 | | 000000330108 |
| 005 | | 20241023144828 |
| 008 | | 181129s2018 ||| | | | eng d |
| 020 | |
▼a 9780438033269 |
| 035 | |
▼a (MiAaPQ)AAI10690113 |
| 035 | |
▼a (MiAaPQ)unc:17488 |
| 040 | |
▼a MiAaPQ
▼c MiAaPQ
▼d 248032 |
| 049 | 1 |
▼f DP |
| 082 | 0 |
▼a 910 |
| 100 | 1 |
▼a Berman-Arevalo, Eloisa. |
| 245 | 10 |
▼a Making Space in the "Territorial Cracks." Afro-Campesino Politics of Land and Territory in the Colombian Caribbean. |
| 260 | |
▼a [S.l.] :
▼b The University of North Carolina at Chapel Hill.,
▼c 2018 |
| 260 | 1 |
▼a Ann Arbor :
▼b ProQuest Dissertations & Theses,
▼c 2018 |
| 300 | |
▼a 223 p. |
| 500 | |
▼a Source: Dissertation Abstracts International, Volume: 79-10(E), Section: A. |
| 500 | |
▼a Adviser: Gabriela Valdivia. |
| 502 | 1 |
▼a Thesis (Ph.D.)--The University of North Carolina at Chapel Hill, 2018. |
| 520 | |
▼a In the Caribbean mountains of Montes de Maria, Colombia's 'post-conflict' is a particularly contested political conjuncture. Dominant narratives construct the present as a moment of dramatic transition from a past of violence, statelessness, and |
| 520 | |
▼a Attention to practices of storytelling through which locals revisit the past in light of present conditions of oil palm encroachment extends the temporal scope of post-conflict politics beyond the last decade of peace interventions and diminishe |
| 590 | |
▼a School code: 0153. |
| 650 | 4 |
▼a Geography. |
| 650 | 4 |
▼a Latin American studies. |
| 690 | |
▼a 0366 |
| 690 | |
▼a 0550 |
| 710 | 20 |
▼a The University of North Carolina at Chapel Hill.
▼b Geography. |
| 773 | 0 |
▼t Dissertation Abstracts International
▼g 79-10A(E). |
| 773 | |
▼t Dissertation Abstract International |
| 790 | |
▼a 0153 |
| 791 | |
▼a Ph.D. |
| 792 | |
▼a 2018 |
| 793 | |
▼a English |
| 856 | 40 |
▼u http://www.riss.kr/pdu/ddodLink.do?id=T14996782
▼n KERIS |
| 980 | |
▼a 201812
▼f 2019 |
| 990 | |
▼a 관리자
▼b 관리자 |